000 00560nam a2200217Ia 4500
001 10375
003 GE_BSU
008 181216s||||||||xx |||||||||||||| ||und||
040 _cGE_BSU
080 _a821.353.1–11
100 _aტაბიძე,გალაქტიონ
245 _aეპოქა
245 _bლექსები
260 _aტფილისი
260 _bსახელგამი
260 _c1930
300 _a215გვ.17სმ.
653 _aეპოქა
653 _aლექსები
942 _cBK
999 _c43640
_d43640